| 000 | 00471nab a2200145Ia 4500 | ||
|---|---|---|---|
| 003 | ES-SlBCS | ||
| 005 | 20210601141222.0 | ||
| 008 | 140529s1991 xxu||||| |||| 00| 0 spa d | ||
| 041 | _aspa | ||
| 100 | 1 |
_aSerramno, Antonio _9253217 |
|
| 245 | 0 | 0 |
_aDogmática jurídica y análisis sociológico: El Derecho histórico de la doctrina legal _c Antonio Serramno |
| 650 | 0 | 4 |
_aDogmática Jurídica _9216721 |
| 773 | 0 |
_tDoxa _gvol. 10, 1991, págs. 173-200 _wRev169 |
|
| 942 | _cAR | ||
| 999 |
_c657158 _d657158 |
||